Critical theories of psychological development
Saved in:
| Other Authors: | |
|---|---|
| Format: | Book |
| Language: | English |
| Published: |
New York :
Plenum Press,
1987
|
| Series: | PATH in psychology
|
| Subjects: | |
| Tags: |
Add Tag
No Tags, Be the first to tag this record!
|
MARC
| LEADER | 00000nam a2200000 i 4500 | ||
|---|---|---|---|
| 001 | 1/93381 | ||
| 008 | 991119s1987 eng d | ||
| 020 | |a 0-306-42431-2 | ||
| 035 | |l 10054390 | ||
| 040 | |a GR-MY-UA |b gre |e aacr | ||
| 041 | 0 | |a eng | |
| 082 | 0 | |a 155.4 | |
| 245 | 1 | 0 | |a Critical theories of psychological development / |c edited by John M. Broughton |
| 260 | |a New York : |b Plenum Press, |c 1987 | ||
| 300 | |a 313 p. | ||
| 490 | 1 | |a PATH in psychology | |
| 650 | 0 | 0 | |a Child psychology |x Philosophy. |
| 650 | 0 | 0 | |a Child development. |
| 650 | 0 | 0 | |a Child psychology. |
| 650 | 0 | 0 | |a Personality development. |
| 650 | 0 | 0 | |a Psychological theory. |
| 700 | 1 | |a Broughton, John M. |4 edt | |
| 830 | 0 | |a PATH in psychology | |
| 852 | |a INST |b RHODES |e 19991119 |h 155.4 CRI |p 005400012733 |q 005400012733 |t BK |y 0 | ||
| 901 | |a BIBL4-1999-3 | ||
| 909 | |a Ρ |b 069946 | ||
| 922 | |a 4ΕΛΗ |b 199910 |c ΚΠΣ/154 |d GLORY BOOKS | ||
| 970 | |a ΚΟΥΛΑΚΙΟΤΗ |b ΛΙΤΣΑ |z 1999/11/19 | ||